|
|
|
|
| LEADER |
02860nam a22005175i 4500 |
| 001 |
978-3-319-25217-9 |
| 003 |
DE-He213 |
| 005 |
20151028041507.0 |
| 007 |
cr nn 008mamaa |
| 008 |
151026s2015 gw | s |||| 0|eng d |
| 020 |
|
|
|a 9783319252179
|9 978-3-319-25217-9
|
| 024 |
7 |
|
|a 10.1007/978-3-319-25217-9
|2 doi
|
| 040 |
|
|
|d GrThAP
|
| 050 |
|
4 |
|a RM1-950
|
| 072 |
|
7 |
|a MMG
|2 bicssc
|
| 072 |
|
7 |
|a MED071000
|2 bisacsh
|
| 082 |
0 |
4 |
|a 615
|2 23
|
| 100 |
1 |
|
|a Lone, Shabir H.
|e author.
|
| 245 |
1 |
0 |
|a Chemical and Pharmacological Perspective of Artemisia amygdalina
|h [electronic resource] /
|c by Shabir H. Lone, Khursheed Ahmad Bhat, Mohammad Akbar Khuroo.
|
| 250 |
|
|
|a 1st ed. 2015.
|
| 264 |
|
1 |
|a Cham :
|b Springer International Publishing :
|b Imprint: Springer,
|c 2015.
|
| 300 |
|
|
|a VII, 58 p. 38 illus., 29 illus. in color.
|b online resource.
|
| 336 |
|
|
|a text
|b txt
|2 rdacontent
|
| 337 |
|
|
|a computer
|b c
|2 rdamedia
|
| 338 |
|
|
|a online resource
|b cr
|2 rdacarrier
|
| 347 |
|
|
|a text file
|b PDF
|2 rda
|
| 490 |
1 |
|
|a SpringerBriefs in Pharmacology and Toxicology,
|x 2193-4762
|
| 505 |
0 |
|
|a Introduction.- Phytochemical Screening and HPLC analysis of Artemisia amygdalina -- Volatile composition of Artemisia amygdalina -- Volatile composition of Artemisia amygdalina -- Volatile composition of Artemisia amygdalina -- Phytochemical analysis and chemobiological standardisationn of Artemisia amygdalina -- Biological profile of Artemisia amygdalina.
|
| 520 |
|
|
|a This book reviews the chemical and biological properties of Artemisia amygdalina Decne, a critically endangered and endemic plant species in the the high-altitude Kashmir Himalayas, which has a high pharmacological potential. It describes the bioactivity-guided isolation of its chemical compounds, their characterization using spectroscopic methods and the development of a simple and reliable RP-HPLC method for the simultaneous quantification of the isolated constituents. The authors discuss the potential pharmacological activities of A. amygdalina, such as antioxidant, cytotoxic, anti-inflammatory, immuno-modulatory and antidiabetic effects, and pave the way for future research.
|
| 650 |
|
0 |
|a Medicine.
|
| 650 |
|
0 |
|a Immunology.
|
| 650 |
|
0 |
|a Pharmacology.
|
| 650 |
|
0 |
|a Plant biochemistry.
|
| 650 |
1 |
4 |
|a Biomedicine.
|
| 650 |
2 |
4 |
|a Pharmacology/Toxicology.
|
| 650 |
2 |
4 |
|a Plant Biochemistry.
|
| 650 |
2 |
4 |
|a Immunology.
|
| 700 |
1 |
|
|a Bhat, Khursheed Ahmad.
|e author.
|
| 700 |
1 |
|
|a Khuroo, Mohammad Akbar.
|e author.
|
| 710 |
2 |
|
|a SpringerLink (Online service)
|
| 773 |
0 |
|
|t Springer eBooks
|
| 776 |
0 |
8 |
|i Printed edition:
|z 9783319252155
|
| 830 |
|
0 |
|a SpringerBriefs in Pharmacology and Toxicology,
|x 2193-4762
|
| 856 |
4 |
0 |
|u http://dx.doi.org/10.1007/978-3-319-25217-9
|z Full Text via HEAL-Link
|
| 912 |
|
|
|a ZDB-2-SBL
|
| 950 |
|
|
|a Biomedical and Life Sciences (Springer-11642)
|